Parasitosis animales : tomo i /

Guardado en:
Autor Principal: Boero, Juan José
Formato: Libro
Publicado: Buenos Aires : Eudeba, 1974
Edición:3a. ed.
Materias:
Etiquetas: Agregar Etiqueta
Sin Etiquetas, Sea el primero en etiquetar este registro!
LEADER 01366nam a22001935a 4500
001 CEM.cems017888
005 20121112115338.0
008 130507s1974##################000#0#####d
003 CEMS
082 0 4 |a 636.089 
100 1 |a Boero, Juan José 
245 1 0 |a Parasitosis animales :  |b tomo i /  |c Juan Carlos Boero 
250 |a 3a. ed. 
260 |a Buenos Aires :  |b Eudeba,  |c 1974 
300 |a 88 p. 
505 0 |a Asociaciones animales -- El mundo de los parásitos -- Generalidades de parasitología -- Parasitismo -- Adaptación de los parásitos a sus huéspedes -- Evolución de los parásitos -- Transmisión de los parásitos -- Infección e infestación -- Localización de los parásitos -- Vías de penetración en el organismo -- Parásitos y enfermedad parasitaria -- El cosmopolitismo de los parásitos -- Acción de los parásitos sobre el organismo -- Los mecanismos de defensa -- Inmunidad en las parasitosis -- Inmuno tolerancia (premunición) -- Diagnóstico de las parasitosis -- La terapéutica de las parasitosis -- Finalidad de la parasitología -- El futuro de los parásitos -- Micosis -- Esporotricosis (Spòrothrichosis) -- Biología -- Epizootiología -- Actonomicosis y actinobacilosis -- Aspergillosis -- Rhinosporidiosis 
653 |a Parasitología 
653 |a Veterinaria 
859 |a CEMS  |b BIB. CEMS - Agricultura  |h 636.089  |i B633a3  |p A1665.12  |t Ej.1  |v I  |3 I